00859nam a22002417a 45000010005000000030009000050050017000140080041000310200015000720400028000870820022001151000018001372450123001552500012002782600037002903000030003275000020003575200061003776100045004386500066004836500057005497100011006062736BD-DhUAP20210128091622.0200218s1997 ii l 001 0 eng  a8185470715 aDLCcDLCdBD-DhUAPbEng 223a346.54064 SAS aSastri, L. S.04aThe Societies Registration Act (Act No. 21 of 1860) :b(central and states) /cL. S. Sastri ; revised by Rakesh Bagga. a9th ed. aAlahabad :bThe Law Book,c1997. axxvi, 479 pages ;c25 cm. aIncludes index. aChiefly compilation relating to several states of India.10aIndiatSocieties Registration Act, 1860. 0aAssociations, institutions, etc.xLaw and legislationzIndia. 0aNonprofit organizationsxLaw and legislationzIndia.1 aIndia.